[Event "SRI-chB (Women)"]
[Site "Colombo"]
[Date "2014.02.26"]
[Round "2"]
[White "Saumy, Zainab"]
[Black "Rajapaksha, Ashanti K"]
[Result "1-0"]
[WhiteElo "1422"]
[BlackElo "1743"]
[PlyCount "104"]
[EventDate "2014.02.26"]
[EventType "swiss"]
[EventRounds "10"]
[EventCountry "SRI"]
[SourceTitle "CBM 159 Extra"]
[Source "ChessBase"]
[SourceDate "2014.04.24"]
[SourceVersion "1"]
[SourceVersionDate "2014.04.24"]
[SourceQuality "1"]

1. e4 e6 2. d4 d5 3. Nc3 Bb4 4. e5 c5 5. a3 Bxc3+ 6. bxc3 Qc7 7. Qg4 f5 8. Qg3 c4 9. Be2 Qf7 10. Nh3 Ne7 11. Ng5 Qf8 12. h4 Nbc6 13. h5 Bd7 14. a4 Na5 15. Ba3 f4 16. Qh3 Qf5 17. Bxe7 Qxh3 18. Nxh3 Kxe7 19. Nxf4 Rhf8 20. Rh4 Rf7 21. g3 Rg8 22. Rg4 Be8 23. h6 g5 24. Nh5 Rg6 25. Nf6 Bc6 26. f4 Rxh6 27. Ng8+ Kf8 28. Nxh6 Rg7 29. fxg5 Be8 30. Kd2 Ke7 31. Rf4 Rxg5 32. Ng4 h5 33. Nf6 Bg6 34. Rh4 Rxg3 35. Nxh5 Rg2 36. Rg4 Rxg4 37. Bxg4 Nc6 38. Rf1 Nd8 39. Rf6 Be8 40. a5 Bf7 41. Ng7 a6 42. Kc1 Bg8 43. Kb2 Bf7 44. Ka3 Bg8 45. Ka4 Nc6 46. Bh5 Nd8 47. Bg4 Kd7 48. Kb4 Ke7 49. Kc5 Kd7 50. Rf8 Bh7 51. Re8 Bg6 52. Bxe6+ Nxe6+ 1-0

[Event "WUCC op (Women) 11th"]
[Site "Zuerich"]
[Date "2010.09.06"]
[Round "2"]
[White "Heinatz, Maria"]
[Black "Rajapaksha, Ashanti K"]
[Result "0-1"]
[WhiteElo "1935"]
[BlackElo "1790"]
[PlyCount "70"]
[EventDate "2010.09.05"]
[EventType "swiss"]
[EventRounds "9"]
[EventCountry "SUI"]
[SourceTitle "CBM 138 Extra"]
[Source "ChessBase"]
[SourceDate "2010.10.29"]
[SourceVersion "1"]
[SourceVersionDate "2010.10.29"]
[SourceQuality "1"]

1. e4 e6 2. d4 d5 3. Nc3 Nf6 4. e5 Nfd7 5. f4 c5 6. Nf3 Nc6 7. Be3 Qb6 8. Na4 Qa5+ 9. c3 b6 10. b3 b5 11. Nxc5 Bxc5 12. dxc5 Qxc3+ 13. Bd2 Qxc5 14. Rc1 Qb6 15. Qc2 Bb7 16. Qd3 a6 17. Be2 h6 18. h4 Ke7 19. h5 Rac8 20. Rh3 Rcg8 21. Rg3 Ke8 22. Kf1 Ne7 23. Nd4 Nc5 24. Qe3 Ne4 25. Rf3 Nxd2+ 26. Qxd2 Kd7 27. Qb4 Rc8 28. Rfc3 Rxc3 29. Rxc3 Rc8 30. Rxc8 Nxc8 31. Ke1 Qc7 32. Kd2 Ne7 33. a4 bxa4 34. Qxa4+ Nc6 35. Bxa6 Bxa6 0-1

[Event "WUCC op (Women) 11th"]
[Site "Zuerich"]
[Date "2010.09.06"]
[Round "3"]
[White "Rajapaksha, Ashanti K"]
[Black "Djukic, Sandra"]
[Result "0-1"]
[WhiteElo "1790"]
[BlackElo "2198"]
[PlyCount "90"]
[EventDate "2010.09.05"]
[EventType "swiss"]
[EventRounds "9"]
[EventCountry "SUI"]
[SourceTitle "CBM 138 Extra"]
[Source "ChessBase"]
[SourceDate "2010.10.29"]
[SourceVersion "1"]
[SourceVersionDate "2010.10.29"]
[SourceQuality "1"]

1. Nf3 Nf6 2. d4 d5 3. e3 c5 4. c4 cxd4 5. exd4 Nc6 6. Nc3 e6 7. Be2 Be7 8. 0-0 0-0 9. Be3 dxc4 10. Bxc4 Nb4 11. a3 Nbd5 12. Nxd5 Nxd5 13. Bd2 b6 14. Ne5 Bb7 15. Qe2 a6 16. Rac1 Bf6 17. Rfd1 Bg5 18. Qg4 Bxd2 19. Rxd2 Rc8 20. Rdc2 h5 21. Qxh5 Nf4 22. Qg4 Qxd4 23. Nd3 Be4 24. Qxf4 b5 25. Rc3 Rxc4 26. Rxc4 bxc4 27. Ne1 e5 28. Qe3 Rc8 29. Qc3 Rc6 30. Nf3 Bxf3 31. Qxf3 Qxb2 32. Re1 Rf6 33. Qa8+ Kh7 34. Qe4+ g6 35. f3 Qd4+ 36. Qxd4 exd4 37. Re4 Rd6 38. Kf2 c3 39. Ke1 d3 40. Rc4 d2+ 41. Kd1 Rd3 42. Rc7 Kg7 43. a4 Re3 44. Rd7 Re1+ 45. Kc2 Rc1+ 0-1

[Event "WUCC op (Women) 11th"]
[Site "Zuerich"]
[Date "2010.09.05"]
[Round "1"]
[White "Rajapaksha, Ashanti K"]
[Black "Zhang, Ying"]
[Result "0-1"]
[WhiteElo "1790"]
[BlackElo "2210"]
[PlyCount "82"]
[EventDate "2010.09.05"]
[EventType "swiss"]
[EventRounds "9"]
[EventCountry "SUI"]
[SourceTitle "CBM 138 Extra"]
[Source "ChessBase"]
[SourceDate "2010.10.29"]
[SourceVersion "1"]
[SourceVersionDate "2010.10.29"]
[SourceQuality "1"]

1. Nf3 Nf6 2. d4 g6 3. c4 c5 4. e3 Bg7 5. Nc3 0-0 6. Be2 cxd4 7. exd4 d5 8. 0-0 Nc6 9. Bf4 Bg4 10. Ne5 Bxe2 11. Nxe2 dxc4 12. Nxc4 Qd5 13. Ne5 Rfd8 14. Nxc6 Qxc6 15. Qb3 Qe4 16. Be3 Nd5 17. Qxb7 Rab8 18. Qxa7 Nxe3 19. fxe3 Qxe3+ 20. Rf2 Rxb2 21. Qa5 Rdb8 22. Qe1 Rxe2 23. Qxe2 Qxe2 24. Rxe2 Bxd4+ 25. Kf1 Bxa1 26. Rxe7 Rb1+ 27. Re1 Rxe1+ 28. Kxe1 f5 29. Ke2 Be5 30. h3 Kf7 31. Kf3 Ke6 32. Ke3 g5 33. Kf3 h5 34. g4 hxg4+ 35. hxg4 f4 36. Ke4 Bc7 37. Kd4 Bb6+ 38. Ke4 Bc5 39. a4 Bb6 40. Kd3 Kd5 41. Ke2 Ke4 0-1